000 00742nam a2200241Ia 4500
003 GCL
005 20240530104637.0
008 140319s9999 xx 000 0 ara d
020 _a9771400959
040 _aGCL /
_cGCL
082 0 4 _a153.35
_bى س
100 1 _aيوسف ميخائيل اسعد
245 1 0 _aسيكولوجية النمطية والابداعية /
_cيوسف ميخائيل اسعد
300 _a260 ص
490 _aالهيئة العامة للاستعلامات
_v0
650 0 4 _aعلم النفس
650 0 4 _aالموهبة
650 0 4 _aالابداع الادبى والفنى
650 0 4 _aالابتكار
650 0 4 _aالتخيل الابداعى
650 0 4 _aالابداع
942 _2ddc
_cBK
999 _c49459
_d49459